00393cam a2200157ua 45000010005000000080039000050400009000440820011000531000016000642450046000802500009001262600032001353000022001676530014001896530032002032327110806n ii |||gr||||Z||||||eng cMAIN a370.54 aRai, B. C.,1 aHistory of indian educationcby B. C. Rai a1st. aLucknow:bPrakashan Kendra. avii; 442p:c23cm. aEducation aHistory of indian education